[Event "Gibtelecom Masters"]
[Site "Gibraltar"]
[Date "2008.01.27"]
[Round "6.1"]
[White "Stefanova, Antoaneta"]
[Black "Wang Hao"]
[Result "1/2-1/2"]
[WhiteElo "2464"]
[BlackElo "2665"]
[PlyCount "71"]
[EventDate "2008.01.22"]

1. d4 e6 2. Bf4 Nf6 3. e3 b6 4. Nd2 Bb7 5. h3 Be7 6. Ngf3 O-O 7. Bd3 c5 8. c3
d5 9. Qb1 Ba6 10. Bxa6 Nxa6 11. Ne5 Nb8 12. b4 Nfd7 13. bxc5 Nxe5 14. cxb6 Qxb6
15. Bxe5 Qa6 16. a4 Nd7 17. Bg3 Rfc8 18. Qb5 Qxb5 19. axb5 Rxc3 20. Ke2 Bd8 21.
Rhc1 Rxc1 22. Rxc1 Nb6 23. Ra1 Kf8 24. Bd6+ Ke8 25. Bc5 Nd7 26. Bd6 Nb6 27. Ra6
g6 28. f3 Rc8 29. Kd3 Rc1 30. Bc5 Nc8 31. Bxa7 Rc7 32. Bc5 Rb7 33. e4 Rxb5 34.
exd5 exd5 35. f4 Ra5 36. Rxa5 1/2-1/2

[Event "Gibtelecom Masters"]
[Site "Gibraltar"]
[Date "2008.01.27"]
[Round "6.5"]
[White "Bologan, Viktor"]
[Black "Hebden, Mark L"]
[Result "1-0"]
[WhiteElo "2663"]
[BlackElo "2530"]
[PlyCount "143"]
[EventDate "2008.01.22"]

1. e4 e5 2. Nf3 Nc6 3. Bc4 Nf6 4. d3 Be7 5. O-O O-O 6. Re1 d6 7. c3 Na5 8. Bb5
a6 9. Ba4 b5 10. Bc2 c5 11. Nbd2 Re8 12. Nf1 g6 13. h3 Rb8 14. d4 Bb7 15. d5
Nh5 16. b3 Bc8 17. a4 Bd7 18. axb5 axb5 19. g4 Nf4 20. Bxf4 exf4 21. e5 Nb7 22.
e6 fxe6 23. dxe6 Bc6 24. Ra6 Qc8 25. h4 Nd8 26. Rxc6 Nxc6 27. h5 Bf6 28. hxg6
Rb7 29. Qxd6 Rg7 30. Be4 Ne7 31. Ne5 Nxg6 32. Nxg6 hxg6 33. c4 bxc4 34. bxc4
Bd4 35. Bd5 Kh8 36. Nh2 Qc7 37. Qc6 Rb8 38. Nf3 Qxc6 39. Bxc6 Re7 40. Bd7 Bf6
41. g5 Bc3 42. Re4 Kg7 43. Kg2 Rb6 44. Re2 Rd6 45. Kh3 Ba5 46. Re5 Bb6 47. Re1
Ba5 48. Ra1 Bc3 49. Ra3 Bb4 50. Ra8 Bc3 51. Kg4 Rb6 52. Ra3 Bb4 53. Rd3 Ba5 54.
Ne5 Be1 55. f3 Bg3 56. Rd1 Ra6 57. Rh1 Rd6 58. Rh6 Rdxe6 59. Bxe6 Rxe6 60. Nd3
Rc6 61. Rh1 Rd6 62. Rd1 Rd8 63. Nf2 Rd4 64. Rxd4 cxd4 65. Nd3 Kf7 66. Nxf4 Be1
67. Nd3 Bd2 68. Ne5+ Ke6 69. f4 Bc3 70. Nxg6 d3 71. Kf3 d2 72. Ke2 1-0

[Event "Gibtelecom Masters"]
[Site "Gibraltar"]
[Date "2008.01.27"]
[Round "6.6"]
[White "Cramling, Pia"]
[Black "Georgiev, Kiril"]
[Result "0-1"]
[WhiteElo "2524"]
[BlackElo "2662"]
[PlyCount "100"]
[EventDate "2008.01.22"]

1. d4 d5 2. Nf3 Nf6 3. c4 c6 4. Qb3 dxc4 5. Qxc4 Bf5 6. g3 e6 7. Bg2 Be7 8. O-O
Nbd7 9. Nc3 O-O 10. Re1 Bg6 11. e4 Rc8 12. Qb3 Qb6 13. Bf4 Rfe8 14. h3 h6 15.
Rad1 Qxb3 16. axb3 Bb4 17. Ne5 Nb6 18. Nxg6 fxg6 19. Ra1 a6 20. Red1 g5 21. Be3
Nbd7 22. Na2 Bf8 23. Nc3 e5 24. dxe5 Nxe5 25. f4 gxf4 26. gxf4 Ng6 27. e5 Nh5
28. Ne2 Nh4 29. Be4 Nf6 30. Bd3 Nd5 31. Bf2 Be7 32. Bc4 Ng6 33. Ra5 Bb4 34.
Bxd5+ cxd5 35. Raxd5 Rc2 36. Kf1 Rxb2 37. Rd8 Kf7 38. R8d3 b5 39. Bg3 Ne7 40.
Be1 Bxe1 41. Rxe1 Rc8 42. Nd4 b4 43. Ne2 a5 44. Kf2 Rc3 45. Rxc3 bxc3 46. Ke3
Nd5+ 47. Ke4 Rd2 48. Nd4 Nxf4 49. Kxf4 Rxd4+ 50. Ke3 Rd8 0-1

[Event "Gibtelecom Masters"]
[Site "Gibraltar"]
[Date "2008.01.27"]
[Round "6.7"]
[White "Zhao, Zong-Yuan"]
[Black "Beliavsky, Alexander G"]
[Result "1/2-1/2"]
[WhiteElo "2487"]
[BlackElo "2638"]
[PlyCount "93"]
[EventDate "2008.01.22"]

1. e4 e5 2. Nf3 Nc6 3. Bb5 a6 4. Ba4 Nf6 5. O-O Be7 6. Re1 b5 7. Bb3 O-O 8. c3
d6 9. h3 Re8 10. d4 Bb7 11. Nbd2 Bf8 12. a3 h6 13. Bc2 Nb8 14. b3 Nbd7 15. Bb2
g6 16. a4 Bg7 17. Bd3 c6 18. Qc2 Qc7 19. c4 bxa4 20. c5 d5 21. bxa4 dxe4 22.
Bxe4 exd4 23. Bxd4 a5 24. Bd3 Ba6 25. Bxa6 Rxa6 26. Rxe8+ Nxe8 27. Re1 Ra8 28.
Ne4 Bxd4 29. Nxd4 Ndf6 30. Nd6 Nxd6 31. cxd6 Qxd6 32. Qxc6 Qxc6 33. Nxc6 Ra6
34. Rc1 Nd7 35. Nb8 Nxb8 36. Rc8+ Kg7 37. Rxb8 Rf6 38. Rb5 Rf5 39. Rxf5 gxf5
40. Kh2 f4 41. g3 Kf6 42. gxf4 Ke6 43. Kg3 f5 44. Kh4 Kf6 45. Kh5 Kg7 46. f3
Kh7 47. h4 1/2-1/2

[Event "Gibtelecom Masters"]
[Site "Gibraltar"]
[Date "2008.01.27"]
[Round "6.8"]
[White "Efimenko, Zahar"]
[Black "Berczes, David"]
[Result "1-0"]
[WhiteElo "2638"]
[BlackElo "2429"]
[PlyCount "47"]
[EventDate "2008.01.22"]

1. e4 e6 2. d4 d5 3. Nc3 Nf6 4. Bg5 dxe4 5. Nxe4 Be7 6. Bxf6 gxf6 7. Nf3 a6 8.
Qe2 f5 9. Nc3 b5 10. O-O-O b4 11. Na4 Qd5 12. Qc4 Bb7 13. Qxc7 Bd6 14. Qc4 Qa5
15. d5 Bxd5 16. Qc8+ Ke7 17. Qxh8 Nd7 18. Rxd5 Qxd5 19. Qd4 Qxa2 20. b3 Bf4+
21. Qxf4 Qa1+ 22. Kd2 Rd8 23. Qxb4+ Ke8 24. Qd4 1-0

[Event "Gibtelecom Masters"]
[Site "Gibraltar"]
[Date "2008.01.27"]
[Round "6.9"]
[White "Sandipan, Chanda"]
[Black "Bellin, Robert"]
[Result "1/2-1/2"]
[WhiteElo "2593"]
[BlackElo "2385"]
[PlyCount "188"]
[EventDate "2008.01.22"]

1. e4 c5 2. Nf3 Nc6 3. d4 cxd4 4. Nxd4 Nf6 5. Nc3 d6 6. Bg5 e6 7. Qd2 a6 8.
O-O-O Bd7 9. f4 Be7 10. Nf3 b5 11. e5 b4 12. exf6 bxc3 13. Qxc3 gxf6 14. Bh4 d5
15. a3 Rc8 16. Bxa6 Nb4 17. Qxb4 Bxb4 18. Bxc8 Be7 19. Bxd7+ Qxd7 20. Be1 O-O
21. Rd3 Rc8 22. Bc3 Qa4 23. g3 Bb4 24. Kd2 Bxc3+ 25. Rxc3 Rxc3 26. bxc3 Qxa3
27. Re1 Kf8 28. Nd4 Qa2 29. Nb3 Qa7 30. Nd4 Kg7 31. Re3 Kh6 32. Nf3 Kh5 33. h3
Kh6 34. Nd4 Kg7 35. Nf3 h5 36. Re2 Qa1 37. Re1 Qa7 38. Re2 Kh7 39. Re3 Qb8 40.
Re2 Qg8 41. Rg2 Qg6 42. h4 Qg4 43. Ng1 e5 44. Ne2 Qf3 45. Rg1 Qf2 46. Rb1 exf4
47. gxf4 Qxh4 48. Ke3 Qh3+ 49. Kf2 Qf5 50. Rh1 Kh6 51. Rh4 Qxc2 52. Kf3 Kg6 53.
Kf2 f5 54. Rh3 Qb2 55. Rg3+ Kh6 56. Rh3 Qd2 57. Rh1 Qd3 58. Rh2 Qa6 59. Nd4 Qf6
60. Kf3 Kg6 61. Rg2+ Kh7 62. Rg5 h4 63. Kf2 Qe7 64. Rh5+ Kg8 65. Ne2 Kg7 66.
Nd4 Qc5 67. Rxh4 Qxc3 68. Nxf5+ Kf6 69. Ne3 Qd2+ 70. Kf3 Qd3 71. Rh6+ Kg7 72.
Rd6 Qe4+ 73. Ke2 Qxf4 74. Rxd5 Kg6 75. Rd1 Qh2+ 76. Kf3 f5 77. Rd4 Kg5 78. Ng2
Qh1 79. Rf4 Qc1 80. Kg3 Qc7 81. Kf3 Qe5 82. Kg3 Kf6 83. Kf2 Qb2+ 84. Kg3 Ke5
85. Kf3 Qb7+ 86. Kf2 {(=)} 86... Qb3 87. Rh4 Qc2+ 88. Kf3 Qd1+ 89. Kf2 Qd2+ 90.
Kf3 Qc1 91. Rf4 Qf1+ 92. Kg3 Qxg2+ 93. Kxg2 Kxf4 94. Kf2 Ke4 1/2-1/2

[Event "Gibtelecom Masters"]
[Site "Gibraltar"]
[Date "2008.01.27"]
[Round "6.10"]
[White "Gopal, G.N."]
[Black "Agdestein, Simen"]
[Result "1/2-1/2"]
[WhiteElo "2528"]
[BlackElo "2589"]
[PlyCount "95"]
[EventDate "2008.01.22"]

1. e4 e5 2. Nf3 Nc6 3. Bb5 g6 4. c3 d6 5. d4 Bd7 6. O-O Bg7 7. Re1 Nge7 8. d5
Nb8 9. a4 O-O 10. Bxd7 Nxd7 11. a5 a6 12. c4 h6 13. Nc3 f5 14. b4 Nf6 15. Nd2
c6 16. Qb3 Kh7 17. Ba3 Rc8 18. Rad1 cxd5 19. exd5 e4 20. c5 dxc5 21. Nc4 cxb4
22. Bxb4 Ng4 23. h3 Ne5 24. Nxe5 Bxe5 25. d6 Nc6 26. d7 Rb8 27. Bxf8 Qxf8 28.
Na4 Bd4 29. Qd5 Qg7 30. Re2 Rd8 31. Nb6 Bc3 32. Rc1 Bxa5 33. Rxc6 Qa1+ 34. Re1
Qxe1+ 35. Kh2 Qa1 36. Rc1 Qb2 37. Qxa5 Qxc1 38. Qe5 Qa3 39. Nd5 Qf8 40. Nf6+
Kg7 41. Nxe4+ Kg8 42. Nc5 Qf7 43. Qd6 a5 44. Qb6 Rxd7 45. Nxd7 Qxd7 46. Qxg6+
Qg7 47. Qxf5 Qc7+ 48. Kg1 1/2-1/2

[Event "Gibtelecom Masters"]
[Site "Gibraltar"]
[Date "2008.01.27"]
[Round "6.11"]
[White "Areshchenko, Alexander"]
[Black "Wippermann, Till"]
[Result "1-0"]
[WhiteElo "2645"]
[BlackElo "2435"]
[PlyCount "35"]
[EventDate "2008.01.22"]

1. e4 c5 2. Nf3 Nc6 3. d4 cxd4 4. Nxd4 g6 5. Nc3 Bg7 6. Be3 Nf6 7. Bc4 Qa5 8.
O-O O-O 9. Nb3 Qc7 10. Bg5 a6 11. Be2 d6 12. a4 Be6 13. Re1 Rfe8 14. Nd5 Bxd5
15. exd5 Ne5 16. a5 Ne4 17. Bf4 Nc4 18. Qd3 1-0

[Event "Gibtelecom Masters"]
[Site "Gibraltar"]
[Date "2008.01.27"]
[Round "6.12"]
[White "Muzychuk, Anna"]
[Black "Socko, Bartosz"]
[Result "0-1"]
[WhiteElo "2460"]
[BlackElo "2635"]
[PlyCount "96"]
[EventDate "2008.01.22"]

1. e4 e6 2. d4 d5 3. exd5 exd5 4. Nf3 Bd6 5. c4 Nf6 6. c5 Be7 7. Bd3 b6 8. cxb6
axb6 9. O-O O-O 10. Nc3 Bg4 11. h3 Bh5 12. Re1 Re8 13. Bg5 c6 14. Re3 h6 15.
Bh4 Nbd7 16. Qc2 Bxf3 17. Rxf3 Nh5 18. Bxe7 Rxe7 19. Ne2 Qc7 20. Rc1 c5 21. b3
Rae8 22. Qd2 Qd6 23. g4 Nhf6 24. Ng3 Qc7 25. Bb5 Ne4 26. Qf4 Qxf4 27. Rxf4 Ng5
28. Rf5 Re1+ 29. Rxe1 Rxe1+ 30. Kg2 Nf6 31. Re5 Ra1 32. dxc5 bxc5 33. Nh5 Ne6
34. a4 Rb1 35. Nxf6+ gxf6 36. Re3 Nd4 37. Rd3 Kf8 38. Ba6 Rxb3 39. Rxb3 Nxb3
40. Bb7 d4 41. Bd5 Na5 42. f4 f5 43. g5 hxg5 44. fxg5 c4 45. Kf2 c3 46. Ke2 c2
47. Kd2 d3 48. h4 f4 0-1

[Event "Gibtelecom Masters"]
[Site "Gibraltar"]
[Date "2008.01.27"]
[Round "6.14"]
[White "Karlsson, Lars"]
[Black "Gurevich, Mikhail"]
[Result "0-1"]
[WhiteElo "2488"]
[BlackElo "2607"]
[PlyCount "62"]
[EventDate "2008.01.22"]

1. g3 d5 2. Nf3 Bg4 3. Bg2 Nd7 4. d4 e6 5. O-O Ngf6 6. c4 c6 7. b3 Be7 8. Bb2
O-O 9. Nc3 a6 10. Ne5 Nxe5 11. dxe5 Nd7 12. Qd4 Bh5 13. cxd5 cxd5 14. e4 Bc5
15. Qd2 d4 16. Na4 Be7 17. Bxd4 Nxe5 18. Qe3 Ng4 19. Qc3 Rc8 20. Qb2 b5 21. Nb6
Bc5 22. Bxg7 Qxb6 23. Bxf8 Bd4 24. Qd2 Kxf8 25. Qg5 Rc5 26. e5 Rxe5 27. Qd2
Nxf2 28. Rxf2 Bxa1 29. Qh6+ Kg8 30. Be4 Bg6 31. Bxg6 hxg6 0-1

[Event "Gibtelecom Masters"]
[Site "Gibraltar"]
[Date "2008.01.27"]
[Round "6.15"]
[White "Bellon Lopez, Juan Manuel"]
[Black "Petrosian, Tigran L"]
[Result "0-1"]
[WhiteElo "2455"]
[BlackElo "2606"]
[PlyCount "74"]
[EventDate "2008.01.22"]

1. d4 e6 2. Nf3 c5 3. e3 Nf6 4. c4 d5 5. Nc3 Nc6 6. a3 cxd4 7. exd4 Be7 8. Bd3
dxc4 9. Bxc4 a6 10. O-O b5 11. Ba2 b4 12. Na4 O-O 13. Bf4 Ra7 14. Rc1 Bb7 15.
Nc5 Ba8 16. Nxe6 fxe6 17. Bxe6+ Kh8 18. d5 Nxd5 19. Bxd5 Rd7 20. Bxc6 Bxc6 21.
Qb3 Bxf3 22. Qxf3 Bd6 23. g3 g5 24. Bxg5 Rxf3 25. Bxd8 Rxd8 26. Rfd1 bxa3 27.
bxa3 Rxa3 28. Rd4 Be7 29. Re4 Bf6 30. Rc7 Ra2 31. Kg2 a5 32. h4 Bd4 33. Rf7 a4
34. h5 a3 35. h6 Rxf2+ 36. Rxf2 Bxf2 37. Kxf2 Rf8+ 0-1

[Event "Gibtelecom Masters"]
[Site "Gibraltar"]
[Date "2008.01.27"]
[Round "6.16"]
[White "Malakhatko, Vadim"]
[Black "Foisor, Ovidiu Doru"]
[Result "1-0"]
[WhiteElo "2600"]
[BlackElo "2401"]
[PlyCount "127"]
[EventDate "2008.01.22"]

1. d4 d5 2. c4 c6 3. Nc3 Nf6 4. e3 g6 5. Nf3 Bg7 6. Be2 O-O 7. O-O Bg4 8. cxd5
cxd5 9. Qb3 b6 10. h3 Bxf3 11. Bxf3 e6 12. Be2 a6 13. Bd2 Nc6 14. Rfc1 Na5 15.
Qc2 Nc4 16. Be1 Qb8 17. b3 Nd6 18. Bf1 Rc8 19. Qb2 Nd7 20. Rc2 Qb7 21. Rac1 Bf8
22. Ne2 Rxc2 23. Rxc2 Rc8 24. Nf4 Nb8 25. Nd3 Nc6 26. Qc1 a5 27. g4 Bh6 28. Qd1
Ne4 29. Bg2 Bf8 30. f3 Nd6 31. a4 Bh6 32. Re2 Qa7 33. Bg3 Bf8 34. Rc2 Qb7 35.
Qd2 Nb4 36. Nxb4 axb4 37. Bf1 Rxc2 38. Qxc2 Qc8 39. Qxc8 Nxc8 40. Ba6 Bd6 41.
Bh4 Ne7 42. Bb5 f5 43. Kf2 Kf7 44. Ke2 h6 45. gxf5 exf5 46. Bd7 g5 47. Bf2 Kf6
48. e4 fxe4 49. fxe4 dxe4 50. Ke3 Nd5+ 51. Kxe4 Nf4 52. d5 Ke7 53. Bf5 Nh5 54.
Bg4 Nf6+ 55. Kf5 Nxd5 56. Bf3 Nf4 57. Bxb6 Kd7 58. Be3 Nd3 59. Be2 Nf4 60. Bb5+
Kc7 61. a5 Nd5 62. Bd4 Nc3 63. Bc4 Kc6 64. a6 1-0

[Event "Gibtelecom Masters"]
[Site "Gibraltar"]
[Date "2008.01.27"]
[Round "6.18"]
[White "Hammer, Jon Ludvig"]
[Black "Al-Modiahki, Mohamad"]
[Result "1-0"]
[WhiteElo "2441"]
[BlackElo "2569"]
[PlyCount "107"]
[EventDate "2008.01.22"]

1. e4 c5 2. Nf3 g6 3. d4 cxd4 4. Nxd4 Bg7 5. c4 Nc6 6. Nc2 Nf6 7. Nc3 d6 8. Be2
O-O 9. O-O Nd7 10. Bd2 Nc5 11. b4 Nd7 12. Rc1 b6 13. Kh1 Bb7 14. a3 Rc8 15. f4
a6 16. Bf3 Na7 17. Ne3 b5 18. Be2 Nf6 19. Bd3 bxc4 20. Nxc4 d5 21. Na5 dxe4 22.
Be2 Ba8 23. Bxa6 Rc7 24. Qe2 Nc6 25. Nxc6 Rxc6 26. Rfd1 Qb8 27. b5 Re6 28. Be3
h5 29. h3 h4 30. Qf2 Nh5 31. Qxh4 Bh6 32. Ne2 Ng7 33. Nd4 Nf5 34. Nxf5 gxf5 35.
Rc5 Rf6 36. Rxf5 Rxf5 37. Qg4+ Kh8 38. Qxf5 e5 39. Qf6+ Kh7 40. Rd7 Bxf4 41.
Ba7 Qe8 42. Re7 Qd8 43. Rxf7+ Rxf7 44. Qxd8 Rxa7 45. Kg1 Be3+ 46. Kh2 Bd4 47.
b6 Rxa6 48. b7 Bxb7 49. Qc7+ Kg6 50. Qxb7 Rxa3 51. Qc6+ Kf5 52. Qc8+ Kg5 53.
Qg8+ Kf4 54. Qf8+ 1-0

[Event "Gibtelecom Masters"]
[Site "Gibraltar"]
[Date "2008.01.27"]
[Round "6.19"]
[White "Dzagnidze, Nana"]
[Black "Sulskis, Sarunas"]
[Result "0-1"]
[WhiteElo "2429"]
[BlackElo "2553"]
[PlyCount "68"]
[EventDate "2008.01.22"]

1. d4 Nf6 2. Nf3 e6 3. c4 b6 4. Nc3 Bb4 5. Bg5 Bb7 6. Nd2 h6 7. Bh4 Bxc3 8.
bxc3 d6 9. f3 c5 10. e4 Nc6 11. d5 Ne7 12. Be2 Ng6 13. Bf2 O-O 14. g3 Re8 15.
h4 Ba6 16. h5 Ne5 17. Kf1 exd5 18. cxd5 Bxe2+ 19. Qxe2 b5 20. Kg2 Qa5 21. a4
bxa4 22. Nb1 Rab8 23. Qc2 Rb5 24. c4 Rb7 25. Rxa4 Rb2 26. Qd1 Qc7 27. Nc3 Qd7
28. Rf1 Reb8 29. Qa1 Nxf3 30. Kxf3 Qg4+ 31. Kg2 Nxh5 32. Nd1 Qxg3+ 33. Kh1 Qh3+
34. Kg1 Ng3 0-1

[Event "Gibtelecom Masters"]
[Site "Gibraltar"]
[Date "2008.01.27"]
[Round "6.20"]
[White "Felgaer, Ruben"]
[Black "Karim, Ismael"]
[Result "1/2-1/2"]
[WhiteElo "2539"]
[BlackElo "2347"]
[PlyCount "66"]
[EventDate "2008.01.22"]

1. e4 e5 2. Nf3 Nc6 3. Bb5 a6 4. Ba4 Nf6 5. O-O Be7 6. Re1 b5 7. Bb3 d6 8. c3
O-O 9. h3 Na5 10. Bc2 d5 11. d3 dxe4 12. dxe4 Qxd1 13. Rxd1 Bb7 14. Nbd2 Bd6
15. b4 Nc6 16. a4 Ne7 17. Rb1 Ng6 18. Re1 Rfc8 19. Nb3 Bc6 20. Na5 Be8 21. Be3
Bf8 22. axb5 axb5 23. Nb3 Nd7 24. Bd3 Rab8 25. Nc5 Nf4 26. Nxd7 Nxd3 27. Nxb8
Nxe1 28. Rxe1 Rxb8 29. Nxe5 f6 30. Nd3 Rd8 31. Bd4 Bf7 32. Rb1 Bc4 33. Nb2 Bb3
1/2-1/2

[Event "Gibtelecom Masters"]
[Site "Gibraltar"]
[Date "2008.01.27"]
[Round "6.21"]
[White "Foisor, Cristina Adela"]
[Black "Szabo, Krisztian"]
[Result "1/2-1/2"]
[WhiteElo "2412"]
[BlackElo "2500"]
[PlyCount "61"]
[EventDate "2008.01.22"]

1. Nf3 Nf6 2. g3 d5 3. Bg2 c6 4. d3 Bg4 5. Nbd2 Nbd7 6. O-O e5 7. h3 Bh5 8. e4
Bd6 9. exd5 cxd5 10. c4 O-O 11. cxd5 Nxd5 12. Qb3 N5b6 13. Ne4 Bxf3 14. Bxf3
Nc5 15. Nxc5 Bxc5 16. Bxb7 Rb8 17. Bg2 Bd4 18. Rb1 Qd7 19. Be3 Rfd8 20. Bxd4
Qxd4 21. Rfe1 Na4 22. Qc4 Rxb2 23. Qxd4 exd4 24. Rxb2 Nxb2 25. Bf1 Kf8 26. Re5
Nd1 27. Ra5 Rd7 28. Be2 Nc3 29. Bf3 Ke7 30. h4 Kd6 31. Kg2 1/2-1/2

[Event "Gibtelecom Masters"]
[Site "Gibraltar"]
[Date "2008.01.27"]
[Round "6.22"]
[White "Leon Hoyos, Manuel"]
[Black "Van Haastert, Edwin"]
[Result "1/2-1/2"]
[WhiteElo "2495"]
[BlackElo "2416"]
[PlyCount "122"]
[EventDate "2008.01.22"]

1. e4 e5 2. Bc4 Nc6 3. f4 Bc5 4. Nf3 d6 5. Nc3 Nf6 6. d3 Bg4 7. Na4 O-O 8. Nxc5
dxc5 9. O-O Bxf3 10. gxf3 Nh5 11. fxe5 Nxe5 12. f4 Nxc4 13. Qxh5 Qd4+ 14. Kh1
Nxb2 15. Bxb2 Qxb2 16. Qxc5 Qb6 17. Qh5 f5 18. e5 Qc6+ 19. Rf3 Rae8 20. c4 Rd8
21. Rd1 Rd4 22. Kg1 g6 23. Rg3 Qb6 24. c5 Qxc5 25. Rxg6+ Kh8 26. Kh1 Qd5+ 27.
Rg2 Rg8 28. Qe2 Rxf4 29. e6 Rxg2 30. Qxg2 Qxg2+ 31. Kxg2 Kg7 32. d4 Kf6 33. d5
b5 34. Kg3 Rc4 35. Kf3 Ke7 36. Rg1 Rg4 37. Rc1 Rc4 38. Rg1 Rg4 39. Rc1 Kd6 40.
Re1 Ke7 41. Re5 Rg1 42. Rxf5 Kd6 43. Kf2 Rg7 44. Ke3 a6 45. Kf4 Rg1 46. Rh5 a5
47. Rh3 b4 48. Re3 Rf1+ 49. Kg5 Ke7 50. Rh3 Kd6 51. Re3 Ke7 52. Rh3 Kd6 53.
Rxh7 Kxd5 54. Rxc7 Kxe6 55. Rc6+ Kf7 56. Rc7+ Ke6 57. Rc6+ Kf7 58. Rc2 Rb1 59.
Kf5 b3 60. Rc7+ Kg8 61. axb3 Rxb3 1/2-1/2

[Event "Gibtelecom Masters"]
[Site "Gibraltar"]
[Date "2008.01.27"]
[Round "6.24"]
[White "Goldsztejn, Gildas"]
[Black "Kuzubov, Yuriy"]
[Result "0-1"]
[WhiteElo "2380"]
[BlackElo "2606"]
[PlyCount "104"]
[EventDate "2008.01.22"]

1. d4 Nf6 2. c4 e6 3. Nf3 Bb4+ 4. Bd2 c5 5. Bxb4 cxb4 6. Qb3 a5 7. a3 Na6 8. g3
b6 9. Bg2 Bb7 10. O-O O-O 11. Nbd2 d6 12. Rfd1 Qc7 13. Ne1 Bxg2 14. Nxg2 e5 15.
Qd3 Rfe8 16. Ne3 e4 17. Qb3 Qd7 18. a4 Rac8 19. Rac1 h5 20. Ndf1 h4 21. gxh4
Qh3 22. Ng3 g6 23. Rd2 Nc7 24. Kh1 Ne6 25. Rg1 Qxh4 26. Qd1 Kh7 27. d5 Ng7 28.
Rd4 Re5 29. Qf1 Qh6 30. Qg2 Rce8 31. Ngf1 Ngh5 32. Qh3 Nf4 33. Qxh6+ Kxh6 34.
Ng3 Kh7 35. Rf1 Kg7 36. Ng2 Nxg2 37. Kxg2 Nd7 38. f4 exf3+ 39. Rxf3 Re3 40.
Rdf4 Rxf3 41. Rxf3 Nc5 42. b3 Rh8 43. Nf1 Rh4 44. Kf2 f5 45. Ke1 Kf6 46. Kd2
Ke5 47. Kc2 g5 48. h3 Rf4 49. Nd2 Rxf3 50. Nxf3+ Kf4 51. Nd4 g4 52. e3+ Kg3 0-1

[Event "Gibtelecom Masters"]
[Site "Gibraltar"]
[Date "2008.01.27"]
[Round "6.25"]
[White "Jones, Gawain C B"]
[Black "Vul, Arkadi Eremeevich"]
[Result "1/2-1/2"]
[WhiteElo "2562"]
[BlackElo "2337"]
[PlyCount "113"]
[EventDate "2008.01.22"]

1. e4 e5 2. Nf3 Nc6 3. Bb5 g6 4. d4 exd4 5. Bg5 Be7 6. Bxe7 Ngxe7 7. Nxd4 d5 8.
Nc3 dxe4 9. Bxc6+ Nxc6 10. Nxc6 Qxd1+ 11. Rxd1 bxc6 12. Nxe4 Bf5 13. O-O Rd8
14. Nc5 O-O 15. c4 Rfe8 16. f3 Rxd1 17. Rxd1 Re5 18. b4 a5 19. a3 axb4 20. axb4
Kf8 21. Kf2 Re8 22. g4 Be6 23. Re1 Bc8 24. Rxe8+ Kxe8 25. g5 Ke7 26. Ke3 Bh3
27. Kd4 Bg2 28. f4 Bf1 29. Ne4 Bg2 30. Ke5 Bxe4 31. Kxe4 Ke6 32. Kd4 Kd6 33. h3
c5+ 34. bxc5+ Ke6 35. Ke4 c6 36. f5+ gxf5+ 37. Kf4 f6 38. h4 fxg5+ 39. hxg5 Ke7
40. Kxf5 Kf7 41. Ke5 Ke7 42. Kd4 Kf7 43. Ke3 Ke8 44. Kd3 Kf7 45. Kd4 Ke8 46.
Kc3 Kd7 47. Kd3 Kd8 48. Ke3 Ke8 49. Ke4 Kf8 50. Kf4 Ke8 51. Kg4 Kf8 52. Kh4 Kf7
53. Kh5 Kg7 54. Kg4 Kf8 55. Kf4 Ke8 56. Kf5 Kf7 57. Ke5 1/2-1/2

[Event "Gibtelecom Masters"]
[Site "Gibraltar"]
[Date "2008.01.27"]
[Round "6.26"]
[White "Hillarp Persson, Tiger"]
[Black "Devereaux, Maxim L"]
[Result "1/2-1/2"]
[WhiteElo "2535"]
[BlackElo "2348"]
[PlyCount "132"]
[EventDate "2008.01.22"]

1. e4 c5 2. Nf3 Nc6 3. Bb5 g6 4. Bxc6 dxc6 5. d3 Bg7 6. h3 b6 7. O-O e5 8. a3
Ne7 9. b4 cxb4 10. axb4 O-O 11. Bb2 Qc7 12. Nbd2 Be6 13. Ra3 c5 14. bxc5 Qxc5
15. Qa1 Nc6 16. Rc3 Qb5 17. Rb1 a5 18. Ba3 Nb4 19. Qb2 Rfc8 20. Rxc8+ Rxc8 21.
Bxb4 axb4 22. Qxb4 Qxb4 23. Rxb4 Rxc2 24. Rxb6 Rc1+ 25. Kh2 Bh6 26. Rb2 Rc3 27.
Ne1 Rc1 28. Nef3 Rc3 29. Ne1 Rc1 30. Ndf3 Rd1 31. g3 f6 32. Kg2 Kf7 33. Rb7+
Kg8 34. Rb6 Kf7 35. d4 exd4 36. Rd6 Bf8 37. Rxd4 Rxd4 38. Nxd4 Bd7 39. Nd3 Ba3
40. f4 Bc8 41. Nc2 Bb7 42. Kf3 Bd6 43. Ke3 g5 44. Nd4 Ba6 45. Nf5 gxf4+ 46.
gxf4 Bb8 47. Nf2 h5 48. h4 Bc8 49. Ng3 Kg6 50. f5+ Kh6 51. Kf3 Bb7 52. Ne2 Bc7
53. Nf4 Be5 54. N2d3 Ba1 55. Nb4 Bc3 56. Nbd5 Ba1 57. Nb4 Bc3 58. Nbd5 Ba1 59.
Nd3 Bd4 60. N3b4 Bc5 61. Nc2 Kg7 62. Nf4 Kh6 63. Nd3 Ba7 64. Ncb4 Bb6 65. Nd5
Bd4 66. N3f4 Ba1 1/2-1/2

[Event "Gibtelecom Masters"]
[Site "Gibraltar"]
[Date "2008.01.27"]
[Round "6.27"]
[White "Zhao Xue"]
[Black "Zozulia, Anna"]
[Result "1-0"]
[WhiteElo "2517"]
[BlackElo "2344"]
[PlyCount "45"]
[EventDate "2008.01.22"]

1. d4 Nf6 2. c4 g6 3. Nc3 d6 4. e4 e5 5. Nf3 Nbd7 6. Be2 Bg7 7. O-O O-O 8. Be3
c6 9. d5 c5 10. a3 b6 11. b4 h6 12. g3 Kh7 13. Nh4 Ng8 14. Qc2 h5 15. Ng2 Nh6
16. Bd3 Qe7 17. Rae1 Nb8 18. Bd2 Bh3 19. Nd1 Nd7 20. f3 f5 21. f4 Qf7 22. Nf2
fxe4 23. Nxe4 1-0

[Event "Gibtelecom Masters"]
[Site "Gibraltar"]
[Date "2008.01.27"]
[Round "6.29"]
[White "Amigues, Emmanuel"]
[Black "Socko, Monika"]
[Result "0-1"]
[WhiteElo "2378"]
[BlackElo "2479"]
[PlyCount "96"]
[EventDate "2008.01.22"]

1. d4 Nf6 2. Nf3 e6 3. c4 Bb4+ 4. Bd2 c5 5. Bxb4 cxb4 6. Qb3 a5 7. a3 Na6 8. g3
d6 9. Bg2 Bd7 10. Nbd2 O-O 11. O-O Qe7 12. Rfd1 e5 13. Qe3 Ng4 14. Qd3 Rfe8 15.
e4 Rad8 16. Ne1 bxa3 17. bxa3 exd4 18. Qxd4 Nc5 19. Nd3 Bc6 20. f3 Ne5 21. Nf4
Qf6 22. Rab1 Qh6 23. Qc3 a4 24. Nf1 Ne6 25. Nd5 Bxd5 26. Rxd5 Rc8 27. Ne3 Qf6
28. Kh1 Nxc4 29. Qxf6 gxf6 30. Nf5 Nxa3 31. Ra1 Nc4 32. Rxa4 Nb6 33. Ra1 Nxd5
34. exd5 Nc5 35. Nxd6 Ra8 36. Rc1 Red8 37. Nf5 Nb3 38. Rb1 Ra1 39. Rxa1 Nxa1
40. Bf1 Nc2 41. Bc4 Kf8 42. d6 Na3 43. Bd5 b5 44. Kg2 b4 45. Kf2 Nb5 46. d7
Rxd7 47. Bc6 Rd8 48. Bxb5 Rd5 0-1

[Event "Gibtelecom Masters"]
[Site "Gibraltar"]
[Date "2008.01.27"]
[Round "6.30"]
[White "Cmilyte, Viktorija"]
[Black "Langer, Michael"]
[Result "1-0"]
[WhiteElo "2475"]
[BlackElo "2314"]
[PlyCount "103"]
[EventDate "2008.01.22"]

1. d4 Nf6 2. c4 c5 3. d5 e6 4. Nc3 exd5 5. cxd5 d6 6. e4 g6 7. Bd3 Bg7 8. h3
O-O 9. Nf3 Nh5 10. O-O Nd7 11. Bg5 Bf6 12. Be3 Re8 13. Qd2 Ne5 14. Be2 Nxf3+
15. Bxf3 Ng7 16. Bf4 Be5 17. Bxe5 Rxe5 18. Be2 f5 19. f4 Re8 20. Bf3 Bd7 21.
Rfe1 Qf6 22. a4 Re7 23. e5 Qh4 24. Kh2 b6 25. g3 Qh6 26. e6 Bc8 27. a5 bxa5 28.
Rxa5 Ne8 29. Rea1 Qg7 30. g4 fxg4 31. hxg4 Rb8 32. Rb5 Rxb5 33. Nxb5 Rb7 34.
Be2 Nf6 35. Nc3 Rb4 36. g5 Ne8 37. Bb5 Kf8 38. Kg3 a6 39. Bxe8 Kxe8 40. Re1 Qd4
41. Qxd4 Rxd4 42. Ne4 Ke7 43. Nf6 Rd3+ 44. Kf2 Rd2+ 45. Kg1 Rd4 46. Ng8+ Ke8
47. e7 Rxf4 48. Nf6+ Rxf6 49. gxf6 Bd7 50. Kf2 h6 51. Kf3 Kf7 52. Re6 1-0

[Event "Gibtelecom Masters"]
[Site "Gibraltar"]
[Date "2008.01.27"]
[Round "6.31"]
[White "Jakobsen, Ole"]
[Black "Arakhamia-Grant, Ketevan"]
[Result "0-1"]
[WhiteElo "2372"]
[BlackElo "2457"]
[PlyCount "88"]
[EventDate "2008.01.22"]

1. d4 Nf6 2. c4 g6 3. Nc3 Bg7 4. e4 d6 5. f3 O-O 6. Nge2 c5 7. d5 e6 8. Bg5 h6
9. Be3 exd5 10. cxd5 a6 11. a4 Nbd7 12. Ng3 Nh7 13. Be2 h5 14. O-O h4 15. Nh1
f5 16. Qd2 Qf6 17. exf5 gxf5 18. f4 Qg6 19. Nf2 Ndf6 20. Bd3 Bd7 21. Kh1 Rae8
22. a5 Kh8 23. Rae1 Re7 24. Rg1 Qh6 25. Bc2 Rfe8 26. g3 hxg3 27. Rxg3 Nh5 28.
Rh3 N7f6 29. Rg1 Ng4 30. Ncd1 Bf6 31. Nxg4 fxg4 32. f5 Qh7 33. Rxg4 Bxf5 34.
Qe2 Bxc2 35. Rxh5 Qxh5 36. Rg8+ Kxg8 37. Qxh5 Bxd1 38. Qg6+ Bg7 39. Bh6 Bf3+
40. Kg1 Rf8 41. Qxd6 Re1+ 42. Kf2 Re2+ 43. Kf1 Bg4+ 44. Bf4 Re4 0-1